| 000 | 00458nam a2200145 4500 | ||
|---|---|---|---|
| 999 |
_c1203 _d1203 |
||
| 008 | 200114b ||||| |||| 00| 0 eng d | ||
| 082 | 0 | 0 |
_a621.811076 _bA6371 |
| 100 |
_9752 _aAnvoner, S. |
||
| 245 | 1 | 0 |
_aSolution of Problems in Mechanics of Machines: General Dynamics in One, Two and Three Dimensions _cby S Anvoner |
| 260 |
_aLondon _bPitman Publishing _c1970 |
||
| 300 | _avii, 525 p. | ||
| 490 | 0 | _vVol I | |
| 650 | 0 | _aMachinery--Dynamics | |
| 942 |
_2ddc _cBK |
||